Cat's In the Cradle - Harry Chapin - All Lyrics - Statistics

General Stats
  • This quiz has been taken 27 times
  • The average score is 340 of 431
Answer Stats
Answer % Correct
a
100%
and
100%
And
100%
blue
100%
boy
100%
But
100%
but
100%
cat's
100%
comin'
100%
cradle
100%
do,"
100%
don't
100%
get
100%
home,
100%
home
100%
I
100%
in
100%
know
100%
Little
100%
man
100%
moon
100%
silver
100%
So
100%
son
100%
"Son,
100%
spoon
100%
the
100%
then
100%
then,
100%
to
100%
to,
100%
together
100%
we'll
100%
Well,
100%
When
100%
when,
100%
you,
100%
You
100%
you"
100%
you
100%
Dad
94%
Dad,
94%
like
94%
like,
94%
was
94%
good
88%
have
88%
He
88%
he
88%
just
88%
on
88%
say
88%
time
88%
be
81%
My
81%
my
81%
came
75%
day
75%
gonna
75%
me
75%
other
75%
way
75%
world
75%
catch
69%
him,
69%
him"
69%
him
69%
"I'm
69%
I'm
69%
usual
69%
walk
69%
were
69%
We're
69%
bills
63%
got
63%
it,
63%
it
63%
pay
63%
talkin'
63%
there
63%
arrived
56%
away
56%
college
56%
learned
56%
planes
56%
said,
56%
said
56%
while
56%
while"
56%
yeah
56%
Can
50%
can
50%
child
50%
'fore
50%
had
50%
head
50%
turned
50%
car
44%
flu
44%
for
44%
from
44%
kid's
44%
much
44%
of
44%
play
44%
proud
44%
See
44%
see
44%
throw,"
44%
as
38%
ball,
38%
come
38%
grew
38%
He'd
38%
is
38%
keys
38%
knew
38%
let's
38%
lot
38%
teach
38%
up
38%
his
31%
it's
31%
It's
31%
new
31%
please"
31%
ten
31%
them
31%
walked
31%
with
31%
hassle
25%
I'd
25%
"I'd
25%
if
25%
I've
25%
later,
25%
nice
25%
"Not
25%
okay"
25%
really
25%
sit
25%
smile
25%
sure
25%
talking
25%
"Thanks
25%
"That's
25%
today
25%
"What
25%
borrow
19%
called
19%
find
19%
grown
19%
job's
19%
mind"
19%
moved
19%
shook
19%
since
19%
been
13%
dimmed
13%
long
13%
love
13%
never
13%
occurred
13%
retired,
13%
son's
13%
hung
6%
phone
6%
No matching quizzes found
Score Distribution
Percent of People with Each Score
Percentile by Number Answered
Your Score History
You have not taken this quiz